<?xml version="1.0" encoding="UTF-8"?>
<record
    xmlns:xsi="http://www.w3.org/2001/XMLSchema-instance"
    xsi:schemaLocation="http://www.loc.gov/MARC21/slim http://www.loc.gov/standards/marcxml/schema/MARC21slim.xsd"
    xmlns="http://www.loc.gov/MARC21/slim">

  <leader>00415nam a22001697a 4500</leader>
  <controlfield tag="003">OSt</controlfield>
  <controlfield tag="005">20260603153302.0</controlfield>
  <controlfield tag="008">260603b        |||||||| |||| 00| 0 eng d</controlfield>
  <datafield tag="020" ind1=" " ind2=" ">
    <subfield code="a">9789368085591</subfield>
  </datafield>
  <datafield tag="082" ind1=" " ind2=" ">
    <subfield code="a">005.74 GAT</subfield>
  </datafield>
  <datafield tag="100" ind1=" " ind2=" ">
    <subfield code="a">GANDNER,Christopher</subfield>
  </datafield>
  <datafield tag="245" ind1=" " ind2=" ">
    <subfield code="a">Tableau Certified Data Analyst Study Guide</subfield>
  </datafield>
  <datafield tag="250" ind1=" " ind2=" ">
    <subfield code="a">1st Ed Rep</subfield>
  </datafield>
  <datafield tag="260" ind1=" " ind2=" ">
    <subfield code="a">New Delhi</subfield>
    <subfield code="b">SPD</subfield>
    <subfield code="c">2025</subfield>
  </datafield>
  <datafield tag="300" ind1=" " ind2=" ">
    <subfield code="a">343p.</subfield>
  </datafield>
  <datafield tag="942" ind1=" " ind2=" ">
    <subfield code="2">ddc</subfield>
    <subfield code="c">BK</subfield>
  </datafield>
  <datafield tag="999" ind1=" " ind2=" ">
    <subfield code="c">14000</subfield>
    <subfield code="d">14000</subfield>
  </datafield>
  <datafield tag="952" ind1=" " ind2=" ">
    <subfield code="0">0</subfield>
    <subfield code="1">0</subfield>
    <subfield code="2">ddc</subfield>
    <subfield code="4">0</subfield>
    <subfield code="7">0</subfield>
    <subfield code="8">CSEAIDS</subfield>
    <subfield code="a">PIET</subfield>
    <subfield code="b">PIET</subfield>
    <subfield code="d">2026-05-30</subfield>
    <subfield code="e">Zafaa Books and Distributors</subfield>
    <subfield code="f">INR</subfield>
    <subfield code="g">1800.00</subfield>
    <subfield code="k">ZBD2026-27-0055</subfield>
    <subfield code="l">0</subfield>
    <subfield code="o">005.74 GAT</subfield>
    <subfield code="p">40324</subfield>
    <subfield code="r">2026-06-03 15:33:00</subfield>
    <subfield code="v">1350.00</subfield>
    <subfield code="w">2026-05-30</subfield>
    <subfield code="y">REF</subfield>
  </datafield>
  <datafield tag="952" ind1=" " ind2=" ">
    <subfield code="0">0</subfield>
    <subfield code="1">0</subfield>
    <subfield code="2">ddc</subfield>
    <subfield code="4">0</subfield>
    <subfield code="7">0</subfield>
    <subfield code="8">CSEAIDS</subfield>
    <subfield code="a">PIET</subfield>
    <subfield code="b">PIET</subfield>
    <subfield code="d">2026-05-30</subfield>
    <subfield code="e">Zafaa Books and Distributors</subfield>
    <subfield code="f">INR</subfield>
    <subfield code="g">1800.00</subfield>
    <subfield code="k">ZBD2026-27-0055</subfield>
    <subfield code="l">0</subfield>
    <subfield code="o">005.74 GAT</subfield>
    <subfield code="p">40325</subfield>
    <subfield code="r">2026-06-03 15:33:55</subfield>
    <subfield code="v">1350.00</subfield>
    <subfield code="w">2026-05-30</subfield>
    <subfield code="y">BK</subfield>
  </datafield>
  <datafield tag="952" ind1=" " ind2=" ">
    <subfield code="0">0</subfield>
    <subfield code="1">0</subfield>
    <subfield code="2">ddc</subfield>
    <subfield code="4">0</subfield>
    <subfield code="7">0</subfield>
    <subfield code="8">CSEAIDS</subfield>
    <subfield code="a">PIET</subfield>
    <subfield code="b">PIET</subfield>
    <subfield code="d">2026-05-30</subfield>
    <subfield code="e">Zafaa Books and Distributors</subfield>
    <subfield code="f">INR</subfield>
    <subfield code="g">1800.00</subfield>
    <subfield code="k">ZBD2026-27-0055</subfield>
    <subfield code="l">0</subfield>
    <subfield code="o">005.74 GAT</subfield>
    <subfield code="p">40326</subfield>
    <subfield code="r">2026-06-03 15:33:55</subfield>
    <subfield code="v">1350.00</subfield>
    <subfield code="w">2026-05-30</subfield>
    <subfield code="y">BK</subfield>
  </datafield>
  <datafield tag="952" ind1=" " ind2=" ">
    <subfield code="0">0</subfield>
    <subfield code="1">0</subfield>
    <subfield code="2">ddc</subfield>
    <subfield code="4">0</subfield>
    <subfield code="7">0</subfield>
    <subfield code="8">CSEAIDS</subfield>
    <subfield code="a">PIET</subfield>
    <subfield code="b">PIET</subfield>
    <subfield code="d">2026-05-30</subfield>
    <subfield code="e">Zafaa Books and Distributors</subfield>
    <subfield code="f">INR</subfield>
    <subfield code="g">1800.00</subfield>
    <subfield code="k">ZBD2026-27-0055</subfield>
    <subfield code="l">0</subfield>
    <subfield code="o">005.74 GAT</subfield>
    <subfield code="p">40327</subfield>
    <subfield code="r">2026-06-03 15:33:55</subfield>
    <subfield code="v">1350.00</subfield>
    <subfield code="w">2026-05-30</subfield>
    <subfield code="y">BK</subfield>
  </datafield>
  <datafield tag="952" ind1=" " ind2=" ">
    <subfield code="0">0</subfield>
    <subfield code="1">0</subfield>
    <subfield code="2">ddc</subfield>
    <subfield code="4">0</subfield>
    <subfield code="7">0</subfield>
    <subfield code="8">CSEAIDS</subfield>
    <subfield code="a">PIET</subfield>
    <subfield code="b">PIET</subfield>
    <subfield code="d">2026-05-30</subfield>
    <subfield code="e">Zafaa Books and Distributors</subfield>
    <subfield code="f">INR</subfield>
    <subfield code="g">1800.00</subfield>
    <subfield code="k">ZBD2026-27-0055</subfield>
    <subfield code="l">0</subfield>
    <subfield code="o">005.74 GAT</subfield>
    <subfield code="p">40328</subfield>
    <subfield code="r">2026-06-03 15:33:55</subfield>
    <subfield code="v">1350.00</subfield>
    <subfield code="w">2026-05-30</subfield>
    <subfield code="y">BK</subfield>
  </datafield>
  <datafield tag="952" ind1=" " ind2=" ">
    <subfield code="0">0</subfield>
    <subfield code="1">0</subfield>
    <subfield code="2">ddc</subfield>
    <subfield code="4">0</subfield>
    <subfield code="7">0</subfield>
    <subfield code="8">CSEAIDS</subfield>
    <subfield code="a">PIET</subfield>
    <subfield code="b">PIET</subfield>
    <subfield code="d">2026-05-30</subfield>
    <subfield code="e">Zafaa Books and Distributors</subfield>
    <subfield code="f">INR</subfield>
    <subfield code="g">1800.00</subfield>
    <subfield code="k">ZBD2026-27-0055</subfield>
    <subfield code="l">0</subfield>
    <subfield code="o">005.74 GAT</subfield>
    <subfield code="p">40329</subfield>
    <subfield code="r">2026-06-03 15:33:55</subfield>
    <subfield code="v">1350.00</subfield>
    <subfield code="w">2026-05-30</subfield>
    <subfield code="y">BK</subfield>
  </datafield>
  <datafield tag="952" ind1=" " ind2=" ">
    <subfield code="0">0</subfield>
    <subfield code="1">0</subfield>
    <subfield code="2">ddc</subfield>
    <subfield code="4">0</subfield>
    <subfield code="7">0</subfield>
    <subfield code="8">CSEAIDS</subfield>
    <subfield code="a">PIET</subfield>
    <subfield code="b">PIET</subfield>
    <subfield code="d">2026-05-30</subfield>
    <subfield code="e">Zafaa Books and Distributors</subfield>
    <subfield code="f">INR</subfield>
    <subfield code="g">1800.00</subfield>
    <subfield code="k">ZBD2026-27-0055</subfield>
    <subfield code="l">0</subfield>
    <subfield code="o">005.74 GAT</subfield>
    <subfield code="p">40330</subfield>
    <subfield code="r">2026-06-03 15:33:55</subfield>
    <subfield code="v">1350.00</subfield>
    <subfield code="w">2026-05-30</subfield>
    <subfield code="y">BK</subfield>
  </datafield>
  <datafield tag="952" ind1=" " ind2=" ">
    <subfield code="0">0</subfield>
    <subfield code="1">0</subfield>
    <subfield code="2">ddc</subfield>
    <subfield code="4">0</subfield>
    <subfield code="7">0</subfield>
    <subfield code="8">CSEAIDS</subfield>
    <subfield code="a">PIET</subfield>
    <subfield code="b">PIET</subfield>
    <subfield code="d">2026-05-30</subfield>
    <subfield code="e">Zafaa Books and Distributors</subfield>
    <subfield code="f">INR</subfield>
    <subfield code="g">1800.00</subfield>
    <subfield code="k">ZBD2026-27-0055</subfield>
    <subfield code="l">0</subfield>
    <subfield code="o">005.74 GAT</subfield>
    <subfield code="p">40331</subfield>
    <subfield code="r">2026-06-03 15:33:55</subfield>
    <subfield code="v">1350.00</subfield>
    <subfield code="w">2026-05-30</subfield>
    <subfield code="y">BK</subfield>
  </datafield>
  <datafield tag="952" ind1=" " ind2=" ">
    <subfield code="0">0</subfield>
    <subfield code="1">0</subfield>
    <subfield code="2">ddc</subfield>
    <subfield code="4">0</subfield>
    <subfield code="7">0</subfield>
    <subfield code="8">CSEAIDS</subfield>
    <subfield code="a">PIET</subfield>
    <subfield code="b">PIET</subfield>
    <subfield code="d">2026-05-30</subfield>
    <subfield code="e">Zafaa Books and Distributors</subfield>
    <subfield code="f">INR</subfield>
    <subfield code="g">1800.00</subfield>
    <subfield code="k">ZBD2026-27-0055</subfield>
    <subfield code="l">0</subfield>
    <subfield code="o">005.74 GAT</subfield>
    <subfield code="p">40332</subfield>
    <subfield code="r">2026-06-03 15:33:55</subfield>
    <subfield code="v">1350.00</subfield>
    <subfield code="w">2026-05-30</subfield>
    <subfield code="y">BK</subfield>
  </datafield>
  <datafield tag="952" ind1=" " ind2=" ">
    <subfield code="0">0</subfield>
    <subfield code="1">0</subfield>
    <subfield code="2">ddc</subfield>
    <subfield code="4">0</subfield>
    <subfield code="7">0</subfield>
    <subfield code="8">CSEAIDS</subfield>
    <subfield code="a">PIET</subfield>
    <subfield code="b">PIET</subfield>
    <subfield code="d">2026-05-30</subfield>
    <subfield code="e">Zafaa Books and Distributors</subfield>
    <subfield code="f">INR</subfield>
    <subfield code="g">1800.00</subfield>
    <subfield code="k">ZBD2026-27-0055</subfield>
    <subfield code="l">0</subfield>
    <subfield code="o">005.74 GAT</subfield>
    <subfield code="p">40333</subfield>
    <subfield code="r">2026-06-03 15:33:55</subfield>
    <subfield code="v">1350.00</subfield>
    <subfield code="w">2026-05-30</subfield>
    <subfield code="y">BK</subfield>
  </datafield>
</record>
